Paesi più Vicini alle Isole Galapagos - Statistics

Statistiche generali
  • Questo quiz è stato fatto 27 volte
  • Il punteggio medio è 9 su 10
Statistiche sulle risposte
Distanza dalle Galapagos Risposta % Corretto
745 miglia Colombia
100%
575 miglia Ecuador
96%
1,553 miglia Guatemala
96%
1,242 miglia Costa Rica
91%
1,491 miglia El Salvador
91%
1,429 miglia Honduras
91%
1,118 miglia Panama
91%
1,616 miglia Messico
87%
930 miglia Perù
87%
1,367 miglia Nicaragua
83%
Nessun quiz corrispondente trovato
Distribuzione punteggi
Percentuale di utenti per punteggio
Percentile per numero di risposta
I tuoi punteggi nel tempo
Non hai fatto questo quiz